[Event "24. Copenhagen Open  (Politiken Cup)"]
[Site "Copenhagen"]
[Date "2002.07.21"]
[Round "7"]
[White "Rasmussen, Allan Stig"]
[Black "Rossen, Claus"]
[Result "1-0"]
[WhiteElo "2305"]
[BlackElo "2185"]
[PlyCount "87"]
[EventDate "2002.07.15"]
[EventType "swiss"]
[EventRounds "11"]
[EventCountry "DEN"]
[SourceDate "2004.01.01"]

1. e4 e5 2. Nf3 Nf6 3. Nc3 Bb4 4. Nxe5 Qe7 5. Nd3 Bxc3 6. dxc3 Qxe4+ 7. Qe2 O-O
8. Qxe4 Nxe4 9. Be3 Nc6 10. O-O-O d6 11. Nf4 Be6 12. h3 Ne5 13. g4 Ng6 14. Bg2
Nxf2 15. Bxf2 Nxf4 16. Bxb7 Rab8 17. Bf3 a5 18. Bg3 f5 19. gxf5 Rxf5 20. Rhe1
Rf7 21. Rd4 Nxh3 22. Bg2 Rf6 23. Bh4 g5 24. Bxh3 Bxh3 25. Bxg5 Rg6 26. Rd5 a4
27. Ra5 a3 28. b4 c5 29. Bd2 Rg2 30. Rxa3 Bf5 31. Ra7 h5 32. Rf1 Bg6 33. Rd7 h4
34. Rxd6 Kg7 35. Bf4 Rxc2+ 36. Kd1 Rxa2 37. Rd7+ Kg8 38. Bxb8 Ra1+ 39. Ke2 Bd3+
40. Rxd3 Ra2+ 41. Rd2 Rxd2+ 42. Kxd2 Kg7 43. Rh1 Kg6 44. Rxh4 1-0

[Event "24. Copenhagen Open  (Politiken Cup)"]
[Site "Copenhagen"]
[Date "2002.07.21"]
[Round "7"]
[White "Rasmussen, Bent"]
[Black "Andersen, Ib Hother"]
[Result "0-1"]
[WhiteElo "1658"]
[BlackElo "2160"]
[PlyCount "122"]
[EventDate "2002.07.15"]
[EventType "swiss"]
[EventRounds "11"]
[EventCountry "DEN"]
[SourceDate "2004.01.01"]

1. d4 Nf6 2. c4 e6 3. Nf3 b6 4. g3 Ba6 5. b3 Bb4+ 6. Bd2 Be7 7. Bg2 c6 8. O-O
d5 9. cxd5 cxd5 10. Re1 O-O 11. Bc1 Nc6 12. Ba3 Bxa3 13. Nxa3 Qd6 14. Nc2 Ne4
15. a3 Rfc8 16. e3 Nc3 17. Qd2 Na5 18. Nb4 Nxb3 19. Qb2 Nxa1 20. Nxa6 Nc2 21.
Qxc2 Qxa3 22. Bf1 Ne4 23. Qb1 Rc3 24. Qb5 Rc2 25. Bd3 Nd6 26. Bxh7+ Kxh7 27.
Qb1 Rac8 28. Nb4 Qb2 29. Nxc2 Qxb1 30. Rxb1 Rxc2 31. Ne5 f6 32. Nd3 Kg6 33. h4
Nc4 34. Nb4 Rb2 35. Rxb2 Nxb2 36. Na6 Kf5 37. f3 e5 38. Kf2 exd4 39. exd4 Na4
40. Ke3 Nc3 41. Kd3 Nb5 42. Ke3 Ke6 43. g4 Kd6 44. f4 Nc7 45. Nb4 a5 46. Na2 b5
47. Nc3 b4 48. Na4 Nb5 49. Kd3 Na3 50. h5 Nc4 51. Nc5 Ke7 52. Na4 Kf7 53. Nc5
Nd6 54. Ke3 f5 55. g5 Ne4 56. Nd3 b3 57. Ne5+ Kg8 58. Kd3 a4 59. Nc6 a3 60. Na5
b2 61. Kc2 Nc3 0-1

[Event "24. Copenhagen Open  (Politiken Cup)"]
[Site "Copenhagen"]
[Date "2002.07.21"]
[Round "7"]
[White "Rasmussen, Henning"]
[Black "Sandbech, Ted"]
[Result "0-1"]
[WhiteElo "1743"]
[BlackElo "1516"]
[PlyCount "126"]
[EventDate "2002.07.15"]
[EventType "swiss"]
[EventRounds "11"]
[EventCountry "DEN"]
[SourceDate "2004.01.01"]

1. d4 d5 2. c4 c6 3. e3 Nf6 4. Nc3 e6 5. Nf3 Bb4 6. Bd2 O-O 7. Bd3 dxc4 8. Bxc4
Nd5 9. e4 Nb6 10. Bb3 N8d7 11. O-O c5 12. a3 Ba5 13. dxc5 Nxc5 14. Bc2 Bxc3 15.
Bxc3 Qxd1 16. Rfxd1 Bd7 17. Bd4 Rfc8 18. Ne5 Ba4 19. Bxa4 Nbxa4 20. Bxc5 Rxc5
21. Nd7 Rc7 22. Rab1 Rc2 23. Ne5 Nxb2 24. Rd7 f6 25. Ng4 Rac8 26. g3 Rc1+ 27.
Rxc1 Rxc1+ 28. Kg2 Nc4 29. Rxb7 a5 30. Rb3 Ra1 31. Rc3 Nxa3 32. Ne3 Nb5 33. Rb3
Nd4 34. Rd3 e5 35. Rd2 a4 36. Nd5 a3 37. Nb4 Rb1 38. Na2 Rb2 39. Rxb2 axb2 40.
Nc3 Kf7 41. Kf1 Nf3 42. Ke2 Ng5 43. Kd3 Nf3 44. h4 Kg6 45. Kc2 Ne1+ 46. Kd2
Nf3+ 47. Kc2 Kh5 48. Kxb2 Kg4 49. Ne2 Kh3 50. h5 Kg2 51. h6 gxh6 52. Nc3 Kxf2
53. Nd5 Kxg3 54. Nxf6 Kf4 55. Nxh7 Ng5 56. Nf6 Nxe4 57. Nd5+ Kg5 58. Kc2 h5 59.
Kd3 Nf6 60. Ne3 Kf4 61. Ke2 Ng4 62. Ng2+ Kg3 63. Ne1 h4 0-1

[Event "24. Copenhagen Open  (Politiken Cup)"]
[Site "Copenhagen"]
[Date "2002.07.21"]
[Round "7"]
[White "Richards, Heather"]
[Black "Jorgensen, Dennis"]
[Result "1/2-1/2"]
[WhiteElo "2275"]
[BlackElo "2097"]
[PlyCount "156"]
[EventDate "2002.07.15"]
[EventType "swiss"]
[EventRounds "11"]
[EventCountry "DEN"]
[SourceDate "2004.01.01"]

1. e4 c6 2. d4 d5 3. f3 Nf6 4. e5 Nfd7 5. c3 e6 6. f4 c5 7. Nf3 Nc6 8. Be3 Qb6
9. Qd2 Be7 10. Bd3 O-O 11. O-O f5 12. Kh1 Ndb8 13. Qf2 cxd4 14. Nxd4 Qd8 15.
Nf3 b6 16. Qe2 Bb7 17. Nbd2 Qe8 18. c4 Nb4 19. Bb1 dxc4 20. Nxc4 Nd5 21. Bd2
Qg6 22. a3 Nd7 23. Ba2 Nc5 24. Nd4 Rfd8 25. Rad1 Kh8 26. Ne3 Rac8 27. Nxd5 Bxd5
28. Bxd5 Rxd5 29. Be3 h6 30. Rg1 Rcd8 31. Nc6 R8d7 32. Rxd5 exd5 33. Nd4 Ne6
34. Qb5 Nf8 35. g4 fxg4 36. f5 Qh5 37. Qe2 Bg5 38. Bxg5 Qxg5 39. Rxg4 Qc1+ 40.
Rg1 Qf4 41. e6 Re7 42. Nc6 Re8 43. Qg2 Qe4 44. Qxe4 dxe4 45. Re1 g6 46. e7 gxf5
47. exf8=Q+ Rxf8 48. Kg2 Kg7 49. Kg3 Kf6 50. Re2 Rg8+ 51. Kf4 Rg4+ 52. Ke3 a5
53. Rf2 Rh4 54. Nd4 Rh3+ 55. Ke2 f4 56. Nc6 Re3+ 57. Kf1 f3 58. Rd2 Rd3 59. Ke1
Kf5 60. Ne7+ Kg4 61. Rxd3 exd3 62. Nd5 Kh3 63. Kf2 d2 64. Ne3 h5 65. Kxf3 h4
66. b3 Kxh2 67. Nf1+ Kg1 68. Nxd2 h3 69. Ke2 Kg2 70. Nf3 Kg3 71. Ke3 Kg2 72. b4
axb4 73. axb4 Kg3 74. b5 Kg2 75. Kf4 Kf2 76. Kg4 Ke3 77. Kg3 h2 78. Nxh2 Kd4
1/2-1/2

[Event "24. Copenhagen Open  (Politiken Cup)"]
[Site "Copenhagen"]
[Date "2002.07.21"]
[Round "7"]
[White "Robertsen, Thomas"]
[Black "Royset, Paal"]
[Result "1/2-1/2"]
[WhiteElo "2022"]
[BlackElo "2252"]
[PlyCount "38"]
[EventDate "2002.07.15"]
[EventType "swiss"]
[EventRounds "11"]
[EventCountry "DEN"]
[SourceDate "2004.01.01"]

1. e4 c5 2. Nf3 Nf6 3. e5 Nd5 4. Nc3 e6 5. Nxd5 exd5 6. d4 d6 7. Bb5+ Nc6 8.
O-O Be7 9. exd6 Qxd6 10. h3 O-O 11. Be3 c4 12. c3 Bf5 13. Ba4 Be4 14. Ne1 f5
15. f3 f4 16. fxe4 fxe3 17. Rxf8+ Rxf8 18. e5 Qg6 19. Nf3 Qg3 1/2-1/2

[Event "24. Copenhagen Open  (Politiken Cup)"]
[Site "Copenhagen"]
[Date "2002.07.21"]
[Round "7"]
[White "Roeder, Peter Ulrik"]
[Black "Casagrande, Fabio"]
[Result "1/2-1/2"]
[WhiteElo "2174"]
[BlackElo "2035"]
[PlyCount "61"]
[EventDate "2002.07.15"]
[EventType "swiss"]
[EventRounds "11"]
[EventCountry "DEN"]
[SourceDate "2004.01.01"]

1. d4 Nf6 2. c4 e6 3. Nc3 Bb4 4. Bd2 c5 5. e3 cxd4 6. exd4 O-O 7. Nf3 d5 8. Bd3
dxc4 9. Bxc4 b6 10. O-O Bb7 11. Bg5 Bxc3 12. bxc3 Nbd7 13. Bd3 Qc7 14. c4 h6
15. Bh4 Ne4 16. Qc2 Qf4 17. Rfe1 Ng5 18. Bxg5 hxg5 19. Be4 Bxe4 20. Rxe4 Qf5
21. Qe2 Rac8 22. Re1 g4 23. Ne5 Nf6 24. Re3 Rfd8 25. Rd1 Qf4 26. Red3 Qe4 27.
Re3 Qf4 28. g3 Qf5 29. Qd3 Qxd3 30. Rexd3 Nd7 31. Nxd7 1/2-1/2

[Event "24. Copenhagen Open  (Politiken Cup)"]
[Site "Copenhagen"]
[Date "2002.07.21"]
[Round "7"]
[White "Rorvik, Jon F"]
[Black "Moen, Andreas"]
[Result "0-1"]
[WhiteElo "2168"]
[BlackElo "2278"]
[PlyCount "50"]
[EventDate "2002.07.15"]
[EventType "swiss"]
[EventRounds "11"]
[EventCountry "DEN"]
[SourceDate "2004.01.01"]

1. c4 c5 2. Nc3 Nf6 3. g3 d5 4. cxd5 Nxd5 5. Bg2 Nc7 6. Nf3 Nc6 7. O-O e5 8. d3
Be7 9. Nd2 h5 10. h3 Be6 11. Nc4 Qd7 12. Kh2 Nd5 13. Qa4 Rd8 14. Be3 O-O 15.
Nxd5 Bxd5 16. Bxd5 Qxd5 17. Nd2 h4 18. Qb3 Qd7 19. Nf3 g6 20. Qc3 Nd4 21. Bh6
Nxf3+ 22. exf3 Rfe8 23. Qxe5 Bf8 24. Qf4 hxg3+ 25. fxg3 Re2+ 0-1

[Event "24. Copenhagen Open  (Politiken Cup)"]
[Site "Copenhagen"]
[Date "2002.07.21"]
[Round "7"]
[White "Sanchez Martin, Vanessa"]
[Black "Hansen, Morten Lyck"]
[Result "1-0"]
[WhiteElo "2123"]
[BlackElo "1854"]
[PlyCount "41"]
[EventDate "2002.07.15"]
[EventType "swiss"]
[EventRounds "11"]
[EventCountry "DEN"]
[SourceDate "2004.01.01"]

1. e4 c6 2. d4 d5 3. exd5 cxd5 4. c4 Nf6 5. Nc3 e6 6. Nf3 Be7 7. cxd5 Nxd5 8.
Bc4 Nxc3 9. bxc3 O-O 10. O-O Qc7 11. Qd3 Nd7 12. Ng5 Bxg5 13. Bxg5 b6 14. Rae1
Bb7 15. Re3 Qc6 16. Rg3 Kh8 17. Bb5 Qc7 18. Rh3 g6 19. Bxd7 Qxd7 20. Bf6+ Kg8
21. Rxh7 1-0

[Event "24. Copenhagen Open  (Politiken Cup)"]
[Site "Copenhagen"]
[Date "2002.07.21"]
[Round "7"]
[White "Schmidt, Horst Hubert"]
[Black "Kaaber Hansen, Jacob"]
[Result "1-0"]
[WhiteElo "1857"]
[BlackElo "2079"]
[PlyCount "51"]
[EventDate "2002.07.15"]
[EventType "swiss"]
[EventRounds "11"]
[EventCountry "DEN"]
[SourceDate "2004.01.01"]

1. d4 d5 2. Nf3 Nf6 3. h3 c5 4. e3 e6 5. b3 Nc6 6. Bd3 Bd7 7. O-O Rc8 8. c3 Bd6
9. Ba3 Qe7 10. Nbd2 e5 11. e4 cxd4 12. Bxd6 Qxd6 13. cxd4 O-O 14. dxe5 Nxe5 15.
Nxe5 Qxe5 16. Nf3 Qe7 17. exd5 Qd6 18. Ng5 Qf4 19. Nf3 Rfd8 20. Re1 Rc5 21. Re5
Bc8 22. Qe2 Kf8 23. Re1 a6 24. g3 Qh6 25. Ng5 Bxh3 26. Nxh7+ 1-0

[Event "24. Copenhagen Open  (Politiken Cup)"]
[Site "Copenhagen"]
[Date "2002.07.21"]
[Round "7"]
[White "Skjoldan, Benjamin"]
[Black "Lonborg, Morten"]
[Result "0-1"]
[WhiteElo "2024"]
[BlackElo "2152"]
[PlyCount "108"]
[EventDate "2002.07.15"]
[EventType "swiss"]
[EventRounds "11"]
[EventCountry "DEN"]
[SourceDate "2004.01.01"]

1. d4 Nf6 2. c4 c5 3. e3 e6 4. Nf3 cxd4 5. exd4 d5 6. Nc3 Nc6 7. Bd3 Be7 8. O-O
O-O 9. c5 b6 10. cxb6 Qxb6 11. b3 Ba6 12. Na4 Qb7 13. Nc5 Bxc5 14. dxc5 Ne4 15.
Be3 Rfd8 16. Nd4 Rac8 17. Rc1 Nb4 18. Bxa6 Qxa6 19. f3 Nxc5 20. Rxc5 Rxc5 21.
Nxe6 Rc3 22. Nxd8 Rxe3 23. Qd4 Qb6 24. Qxb6 axb6 25. Rd1 Kf8 26. Rd4 Nxa2 27.
Rxd5 Rxb3 28. Rf5 f6 29. Ne6+ Kf7 30. Nd4 Rb2 31. Rd5 Ke7 32. Nc6+ Ke6 33. Rd8
Nc3 34. Nd4+ Ke5 35. Nc6+ Kf4 36. Rd7 g5 37. Rxh7 Nd1 38. Re7 Nc3 39. Nd4 Rb1+
40. Kf2 Rb2+ 41. Ke1 Rxg2 42. Re6 Rb2 43. Kf1 b5 44. Kg1 b4 45. Kf1 Rxh2 46.
Rxf6+ Ke5 47. Rb6 Kxd4 48. Rxb4+ Ke5 49. Kg1 Ra2 50. Rg4 Kf5 51. Rc4 Nd5 52.
Re4 Nf6 53. Rb4 Nd7 54. f4 gxf4 0-1

[Event "24. Copenhagen Open  (Politiken Cup)"]
[Site "Copenhagen"]
[Date "2002.07.21"]
[Round "7"]
[White "Skovgaard, Peter Nicolai"]
[Black "Bengtsson, Ola"]
[Result "0-1"]
[WhiteElo "1679"]
[BlackElo "2075"]
[PlyCount "46"]
[EventDate "2002.07.15"]
[EventType "swiss"]
[EventRounds "11"]
[EventCountry "DEN"]
[SourceDate "2004.01.01"]

1. e4 e6 2. d4 d5 3. exd5 exd5 4. Bd3 Nc6 5. c3 Bd6 6. Qf3 Nge7 7. Ne2 Be6 8.
Be3 Qd7 9. h3 O-O-O 10. Nd2 f6 11. O-O-O Rdf8 12. Nb3 g5 13. Nc5 Bxc5 14. dxc5
Ne5 15. Qg3 Nxd3+ 16. Rxd3 Qa4 17. Nd4 Bf7 18. b3 Qxa2 19. Rd2 Qa1+ 20. Kc2
Bg6+ 21. Rd3 Qa2+ 22. Kc1 Bxd3 23. b4 Nf5 0-1

[Event "24. Copenhagen Open  (Politiken Cup)"]
[Site "Copenhagen"]
[Date "2002.07.21"]
[Round "7"]
[White "Skovgaard, Tom"]
[Black "Norton, Craig"]
[Result "1/2-1/2"]
[WhiteElo "2074"]
[BlackElo "1832"]
[PlyCount "90"]
[EventDate "2002.07.15"]
[EventType "swiss"]
[EventRounds "11"]
[EventCountry "DEN"]
[SourceDate "2004.01.01"]

1. e4 c5 2. Nf3 d6 3. d4 cxd4 4. Nxd4 Nf6 5. Nc3 g6 6. Bc4 Bg7 7. h3 Nc6 8. Be3
O-O 9. Bb3 Bd7 10. O-O Rc8 11. f4 a6 12. Qf3 b5 13. Rad1 Qc7 14. g4 b4 15. Nd5
Nxd5 16. exd5 Nxd4 17. Bxd4 Bxd4+ 18. Rxd4 a5 19. Bc4 Qb6 20. Qf2 Bb5 21. Bxb5
Qxb5 22. f5 Qc5 23. f6 exf6 24. Qxf6 Qxc2 25. Rf2 Qc1+ 26. Kh2 Rc2 27. Rdf4
Rxf2+ 28. Rxf2 Qe3 29. h4 h6 30. h5 Qe5+ 31. Qxe5 dxe5 32. Rf6 Kg7 33. Ra6 Rc8
34. Rxa5 Rc2+ 35. Kg3 gxh5 36. gxh5 Rxb2 37. d6 Rd2 38. Rxe5 Rxd6 39. Rb5 Rd4
40. Rb6 f6 41. Kh3 Rd5 42. Rb7+ Kg8 43. Kg4 Rg5+ 44. Kh4 Ra5 45. Rxb4 Rxa2
1/2-1/2

[Event "24. Copenhagen Open  (Politiken Cup)"]
[Site "Copenhagen"]
[Date "2002.07.21"]
[Round "7"]
[White "Spanton, Timothy"]
[Black "Gottschalck, Christian"]
[Result "1-0"]
[WhiteElo "2008"]
[BlackElo "1676"]
[PlyCount "47"]
[EventDate "2002.07.15"]
[EventType "swiss"]
[EventRounds "11"]
[EventCountry "DEN"]
[SourceDate "2004.01.01"]

1. e4 c5 2. Nf3 e6 3. d4 cxd4 4. Nxd4 Nf6 5. Nc3 d6 6. Bc4 Qc7 7. Bb3 a6 8. O-O
b5 9. a3 Bb7 10. Bg5 Be7 11. Bxe6 fxe6 12. Nxe6 Qd7 13. Nxg7+ Kf7 14. Nf5 Qe6
15. Bxf6 Kxf6 16. Qf3 Kg6 17. Qg4+ Bg5 18. f4 h6 19. Nh4+ Kf7 20. fxg5+ Ke7 21.
Qxe6+ Kxe6 22. Rf6+ Kd7 23. gxh6 Nc6 24. Rd1 1-0

[Event "24. Copenhagen Open  (Politiken Cup)"]
[Site "Copenhagen"]
[Date "2002.07.21"]
[Round "7"]
[White "Taksrud, Vidar"]
[Black "Schmied, Andreas"]
[Result "0-1"]
[WhiteElo "1888"]
[BlackElo "2134"]
[PlyCount "78"]
[EventDate "2002.07.15"]
[EventType "swiss"]
[EventRounds "11"]
[EventCountry "DEN"]
[SourceDate "2004.01.01"]

1. d4 Nf6 2. Nf3 b6 3. g3 Bb7 4. Bg2 e6 5. O-O Be7 6. c4 O-O 7. Nc3 Ne4 8. d5
Nxc3 9. bxc3 d6 10. Nd4 e5 11. Nf5 Bf6 12. e4 Bc8 13. Ne3 Na6 14. a4 Bd7 15. a5
Nc5 16. Bd2 Qe8 17. Ra3 Ba4 18. Qe2 bxa5 19. Ng4 Be7 20. f4 f5 21. exf5 exf4
22. Bxf4 Bd7 23. Ne3 Bf6 24. Qc2 a4 25. g4 h6 26. Bf3 Rb8 27. Nd1 Rb3 28. Ra2
Qe7 29. Bg3 Bxc3 30. Nxc3 Qe3+ 31. Kg2 Qxc3 32. Be1 Qf6 33. Ba5 Rfb8 34. Rf2
Nd3 35. Re2 Nf4+ 36. Kg3 Nxe2+ 37. Qxe2 Re8 38. Qd1 Ree3 39. Rf2 a3 {Time} 0-1

[Event "24. Copenhagen Open  (Politiken Cup)"]
[Site "Copenhagen"]
[Date "2002.07.21"]
[Round "7"]
[White "Tandrup, Michael"]
[Black "Rosenkilde, Alexander"]
[Result "1-0"]
[WhiteElo "1874"]
[BlackElo "1639"]
[PlyCount "55"]
[EventDate "2002.07.15"]
[EventType "swiss"]
[EventRounds "11"]
[EventCountry "DEN"]
[SourceDate "2004.01.01"]

1. d4 d5 2. c4 e6 3. Nc3 Nf6 4. Bg5 Be7 5. Nf3 O-O 6. e3 Nbd7 7. Rc1 c6 8. Bd3
dxc4 9. Bxc4 Nb6 10. Bd3 Nfd5 11. Bxe7 Qxe7 12. a3 f6 13. O-O e5 14. Nxd5 Nxd5
15. Bc4 Kh8 16. Bxd5 cxd5 17. dxe5 fxe5 18. Qxd5 e4 19. Nd4 Bg4 20. Rc3 Rad8
21. Qc5 Qh4 22. Qe5 Be2 23. g3 Qg4 24. h3 Qh5 25. Qxh5 Bxh5 26. Ne6 Rxf2 27.
Rxf2 Rd1+ 28. Rf1 1-0

[Event "24. Copenhagen Open  (Politiken Cup)"]
[Site "Copenhagen"]
[Date "2002.07.21"]
[Round "7"]
[White "Thestrup, Sixten"]
[Black "Edvardsson, Hannu Kalervo"]
[Result "1-0"]
[WhiteElo "1430"]
[BlackElo "1300"]
[PlyCount "123"]
[EventDate "2002.07.15"]
[EventType "swiss"]
[EventRounds "11"]
[EventCountry "DEN"]
[SourceDate "2004.01.01"]

1. e4 e5 2. Nf3 d6 3. d4 exd4 4. Nxd4 Nf6 5. Nc3 Be7 6. Bc4 O-O 7. O-O Bd7 8.
f3 Nc6 9. Be3 Nxd4 10. Bxd4 Ne8 11. Re1 Bf6 12. Bb3 Bxd4+ 13. Qxd4 Nf6 14. Rad1
Be6 15. Bxe6 fxe6 16. e5 dxe5 17. Qxe5 Qe7 18. Qxe6+ Qxe6 19. Rxe6 Kf7 20. Ree1
Rfd8 21. Kf2 Rxd1 22. Rxd1 c6 23. Rd4 Re8 24. Ne4 Nxe4+ 25. Rxe4 Rd8 26. Ke3
Rd7 27. Rf4+ Kg8 28. c3 Re7+ 29. Re4 Rd7 30. Ke2 Kf7 31. b4 Kg8 32. a4 a6 33.
Rd4 Re7+ 34. Kd3 Kf7 35. Re4 Rd7+ 36. Kc2 Kg8 37. Re2 Kf7 38. Kb3 Kf8 39. Kc4
Rd5 40. Re4 b5+ 41. axb5 axb5+ 42. Kb3 Rd6 43. Kc2 Kf7 44. Rd4 Re6 45. Kd3 Re7
46. Rd6 Rc7 47. Kd4 Re7 48. Rxc6 Re2 49. g3 Rxh2 50. Rc5 Rh3 51. Rg5 h6 52. Rg4
Rh5 53. c4 bxc4 54. Kxc4 Rh1 55. b5 Rc1+ 56. Kb4 Rb1+ 57. Kc5 Rc1+ 58. Rc4 Rf1
59. Rc3 h5 60. f4 Kf6 61. b6 Rb1 62. Kc6 1-0

[Event "24. Copenhagen Open  (Politiken Cup)"]
[Site "Copenhagen"]
[Date "2002.07.21"]
[Round "7"]
[White "Timmermans, Ivo"]
[Black "Sylvan, Jacob"]
[Result "1-0"]
[WhiteElo "2177"]
[BlackElo "2259"]
[PlyCount "53"]
[EventDate "2002.07.15"]
[EventType "swiss"]
[EventRounds "11"]
[EventCountry "DEN"]
[SourceDate "2004.01.01"]

1. e4 c5 2. Nf3 Nc6 3. d4 cxd4 4. Nxd4 g6 5. Nc3 Bg7 6. Be3 Nf6 7. Bc4 O-O 8.
Bb3 d6 9. h3 Bd7 10. O-O Nxd4 11. Bxd4 Bc6 12. Re1 e5 13. Be3 Nxe4 14. Nxe4
Bxe4 15. Bg5 Qxg5 16. Rxe4 Qe7 17. Qd5 Rac8 18. Rd1 Rfd8 19. Rc4 Bf8 20. Rd3
Rxc4 21. Bxc4 Rd7 22. Rf3 Rc7 23. Qe4 Qe8 24. h4 Kg7 25. g4 Qa4 $11 26. b3 Qb4
27. Qd5 1-0

[Event "24. Copenhagen Open  (Politiken Cup)"]
[Site "Copenhagen"]
[Date "2002.07.21"]
[Round "7"]
[White "Trarup, Jorgen"]
[Black "Lie, Terje"]
[Result "0-1"]
[WhiteElo "1270"]
[BlackElo "1913"]
[PlyCount "104"]
[EventDate "2002.07.15"]
[EventType "swiss"]
[EventRounds "11"]
[EventCountry "DEN"]
[SourceDate "2004.01.01"]

1. e4 d6 2. Nc3 Nf6 3. d3 e5 4. Be2 Nc6 5. Be3 Nd4 6. h3 Nxe2 7. Qxe2 b6 8. Bg5
Be7 9. Qf3 Bb7 10. Bxf6 Bxf6 11. Nge2 c6 12. Ng3 g6 13. O-O O-O 14. Rad1 Bg7
15. Kh2 d5 16. Rfe1 d4 17. Nb1 Qd7 18. h4 h5 19. Rh1 Qe6 20. b3 a5 21. Rd2 a4
22. Qd1 Qe7 23. Kg1 Bc8 24. bxa4 Rxa4 25. c4 Ra8 26. Rb2 Bd7 27. Nxh5 gxh5 28.
Qxh5 Qf6 29. Qg5 Qxg5 30. hxg5 Rfb8 31. f3 Bf8 32. g4 Kg7 33. Rh6 Bc5 34. Rbh2
Rh8 35. a4 Bb4 36. Rb2 c5 37. Rxb6 Bxa4 38. Nd2 Bc3 39. Ra2 Bd1 40. Rxa8 Rxa8
41. Nb3 Bb4 42. g6 fxg6 43. Re6 Rf8 44. Nxc5 Bxc5 45. Rxe5 Bb4 46. Rb5 Bd2 47.
e5 Bxf3 48. e6 Be3+ 49. Kh2 Bf4+ 50. Kh3 g5 51. Ra5 Be2 52. e7 Bf1# 0-1

[Event "24. Copenhagen Open  (Politiken Cup)"]
[Site "Copenhagen"]
[Date "2002.07.21"]
[Round "7"]
[White "Unmack, Christian"]
[Black "Bering, Anders"]
[Result "1/2-1/2"]
[WhiteElo "1993"]
[BlackElo "2119"]
[PlyCount "69"]
[EventDate "2002.07.15"]
[EventType "swiss"]
[EventRounds "11"]
[EventCountry "DEN"]
[SourceDate "2004.01.01"]

1. d4 Nf6 2. c4 e6 3. Nc3 d5 4. Bg5 Be7 5. e3 O-O 6. Nf3 h6 7. Bh4 b6 8. Rc1
Bb7 9. cxd5 exd5 10. Bd3 Nbd7 11. Bb1 c5 12. O-O Rc8 13. a3 Ne4 14. Bxe7 Qxe7
15. dxc5 Rxc5 $11 16. Qd3 Rfc8 17. Rfd1 g6 18. Ne2 Rxc1 19. Nxc1 Ne5 20. Nxe5
Qxe5 21. Qe2 Nf6 22. h3 Qc7 23. Nb3 Qc4 24. Nd4 Qxe2 25. Nxe2 Kf8 26. Nc3 Ba6
27. Kh2 Bc4 28. Kg3 Ke7 29. Rd4 Ke6 30. Rh4 h5 31. Rd4 Nd7 32. e4 Nf6 33. exd5+
Nxd5 34. Nxd5 Bxd5 35. f4 1/2-1/2

[Event "24. Copenhagen Open  (Politiken Cup)"]
[Site "Copenhagen"]
[Date "2002.07.21"]
[Round "7"]
[White "Walseth, Tron"]
[Black "Pedersen, Kaj Vinding"]
[Result "1-0"]
[WhiteElo "1832"]
[BlackElo "1529"]
[PlyCount "91"]
[EventDate "2002.07.15"]
[EventType "swiss"]
[EventRounds "11"]
[EventCountry "DEN"]
[SourceDate "2004.01.01"]

1. d4 Nf6 2. c4 e5 3. dxe5 Ng4 4. Bf4 Nc6 5. Nf3 Bb4+ 6. Nbd2 Qe7 7. a3 Ngxe5
8. Nxe5 Nxe5 9. e3 Bxd2+ 10. Qxd2 d6 11. Be2 a5 12. Qc3 b6 13. Rc1 Bb7 14. f3
O-O 15. c5 bxc5 16. Bxe5 dxe5 17. Qxc5 Qg5 18. Kf2 Rfc8 19. h4 Qf6 20. Rc2 Be4
21. Rd2 c6 22. Rd6 Qe7 23. fxe4 Rab8 24. g3 Rxb2 25. Rc1 g5 26. Rxc6 Qxc5 27.
Rxc8+ Qxc8 28. Rxc8+ Kg7 29. Ra8 gxh4 30. gxh4 Rb1 31. Rxa5 Rh1 32. h5 f6 33.
a4 Rh2+ 34. Ke1 Rh4 35. Bf3 Rh2 36. Ra8 h6 37. a5 Ra2 38. a6 Kf7 39. Be2 Ra3
40. Bc4+ Kg7 41. Ra7+ Kh8 42. Kd2 Ra5 43. Rc7 f5 44. a7 Rxa7 45. Rxa7 fxe4 46.
Bb5 1-0

[Event "24. Copenhagen Open  (Politiken Cup)"]
[Site "Copenhagen"]
[Date "2002.07.21"]
[Round "7"]
[White "Ward, Christopher"]
[Black "Mortensen, Erling"]
[Result "1-0"]
[WhiteElo "2498"]
[BlackElo "2450"]
[PlyCount "71"]
[EventDate "2002.07.15"]
[EventType "swiss"]
[EventRounds "11"]
[EventCountry "DEN"]
[SourceDate "2004.01.01"]

1. d4 Nf6 2. c4 g6 3. f3 Bg7 4. e4 d6 5. Be3 O-O 6. Qd2 c5 7. Ne2 Nc6 8. d5 Ne5
9. Nec3 e6 10. Be2 exd5 11. cxd5 Nh5 12. g4 Nf6 13. h3 Re8 14. O-O h5 15. Bg5
Qc7 16. a4 hxg4 17. hxg4 Nh7 18. Bh6 Qe7 19. Bxg7 Kxg7 20. Na3 f5 21. f4 Nf7
22. exf5 Qh4 23. Rf2 gxf5 24. Rh2 Qe7 25. g5 Nf8 26. Bh5 Ng6 27. Re2 Qf8 28.
Rxe8 Qxe8 29. Re1 Qf8 30. Ncb5 Nfh8 31. Nc7 Bd7 32. Nxa8 Qxa8 33. Qc3+ Kh7 34.
Qf6 Qg8 35. Re3 Qxd5 36. Bxg6+ 1-0

[Event "24. Copenhagen Open  (Politiken Cup)"]
[Site "Copenhagen"]
[Date "2002.07.21"]
[Round "7"]
[White "Wilsbeck, Jan Borge"]
[Black "Gutierrez Castillo, Paloma"]
[Result "0-1"]
[WhiteElo "1825"]
[BlackElo "2088"]
[PlyCount "80"]
[EventDate "2002.07.15"]
[EventType "swiss"]
[EventRounds "11"]
[EventCountry "DEN"]
[SourceDate "2004.01.01"]

1. e4 e5 2. f4 exf4 3. Nf3 h6 4. d4 g5 5. Bc4 Bg7 6. O-O Nc6 7. c3 Nge7 8. b4
d5 9. exd5 Nxd5 10. Qb3 Be6 11. a4 O-O 12. Ra2 Re8 13. Re2 Nce7 14. g3 fxg3 15.
hxg3 Qd6 16. Kh2 Nf5 17. Rg1 Nf6 18. Bxe6 Rxe6 19. Rxe6 Qxe6 20. Qxe6 fxe6 21.
Ne5 Nd5 22. Re1 a5 23. b5 Nb6 24. Ba3 Re8 25. g4 Nh4 26. Kg3 Nxa4 27. Nc4 b6
28. Re4 Bf8 29. Bxf8 Rxf8 30. Re3 Rf1 31. Nbd2 Rc1 32. Ne4 Ng6 33. Ncd2 Nf4 34.
c4 Nb2 35. c5 Nc4 36. Nxc4 Rxc4 37. Nf6+ Kf7 38. Nd7 Rxd4 39. Ne5+ Kg7 40. cxb6
cxb6 0-1

[Event "24. Copenhagen Open  (Politiken Cup)"]
[Site "Copenhagen"]
[Date "2002.07.21"]
[Round "7"]
[White "Zucchelli, Massimo"]
[Black "Hvenekilde, Jorgen"]
[Result "1/2-1/2"]
[WhiteElo "2183"]
[BlackElo "2296"]
[PlyCount "102"]
[EventDate "2002.07.15"]
[EventType "swiss"]
[EventRounds "11"]
[EventCountry "DEN"]
[SourceDate "2004.01.01"]

1. d4 d5 2. c4 e5 3. dxe5 d4 4. Nf3 Nc6 5. g3 Nge7 6. Nbd2 Ng6 7. Nb3 Bb4+ 8.
Bd2 Be7 9. Bg2 Ngxe5 10. Nbxd4 Nxd4 11. Nxe5 Bf6 12. Nf3 Nxf3+ 13. Bxf3 c6 14.
Qc2 Qd4 15. Rb1 Be6 16. b3 O-O 17. O-O Rfe8 18. Rfd1 Qc5 19. Rbc1 Bf5 20. e4
Bg6 21. Be3 Qe7 22. Rd2 Bxe4 23. Bxe4 Qxe4 24. Qxe4 Rxe4 25. Rd7 b6 26. c5 b5
27. Rcd1 Re6 28. Rb7 Be7 29. Rdd7 Kf8 30. Rxa7 Rxa7 31. Rxa7 f5 32. Kg2 h6 33.
Rc7 Ke8 34. h4 Kd8 35. Ra7 g5 36. hxg5 hxg5 37. Kf3 Re4 38. a4 Rb4 39. axb5
Rxb5 40. Ra8+ Kd7 41. Ra7+ Kd8 42. Ra6 Rxb3 43. Rxc6 Rc3 44. Re6 Bxc5 45. Rc6
Bb4 46. Rxc3 Bxc3 47. Bxg5+ Kd7 48. g4 fxg4+ 49. Kxg4 Ke6 50. f4 Kf7 51. f5 Bb2
1/2-1/2